000 00356nam a2200133Ia 4500
005 20260328104332.0
008 260328s9999||||xx |||||||||||||| ||und||
100 _aEmerich, Luis Carlos
245 0 _aGalería Pecaníns, la siempre vivaz /
_cLuis Carlos Emerich
260 _bArtes Gráficas Panorama
300 _a151 p.
650 _aMEXICO
942 _cBK
999 _c11767
_d11767